1492 1673 1096 1712 1886 1565 1707 1007 1335 1982 1760 1991 1702 1888 1475 1888 1894 1627 1116 2000 1097 1782 1084 1552 1042 1236 1490 1822 1433 1261 1382 1876 1709 1266 1841 1827 1830 1742 1397 1333 1828 1241 1797 1509 1772 1138 1920 1430 1516 1454 1962 1296 1889 1706 1332 1725 1608 1477 1027 1635 1757 1953 1787 1304 1079 1660 1038 1834 1995 1213 1578 1486 1904 1590 1949 1731 1998 1381 1066 1087 1443 1187 1704 1409 1560 1024 1561 1324 1473 1396 1138 1127 1810 1921 1193 1022 1755 1119 1231 BCNSPRNW ULIB Ver.6.0+V

เปลี่ยนเป็นภาษาไทย

Change to English
 แสดงรายละเอียดบรรณานุกรม
  กลับหน้าหลัก

Brief Record : Get Marc (ISO 2709) : E-mail record : QR code < ปิดหน้าต่าง
LEADER : 00000nam 2200000uu 4500
001    13399128113
003     ULIB
008    220526s2564||||th 000 0 tha d
020    ^a9786165771634
060 04 ^aWT101^bส783ค
100 0  ^aสุธรรม นันทมงคลชัย
245 10 ^aครอบครัวกับการส่งเสริมสุขภาพผู้สูงอายุ /^cสุธรรม นันทมงคลชัย
250    ^aพิมพ์ครั้งที่ 1
260    ^aกรุงเทพฯ :^bคณะสาธารณสุขศาสตร์ มหาวิทยาลัยมหิดล,^c2564
300    ^a[9], 228 หน้า :^bภาพประกอบ ;^c26 ซม.
504    ^aมีบรรณานุกรมและดัชนี
505 0  ^aแนวคิดเกี่ยวกับครอบครัว -- แนวคิดและทฤษฎฎีที่เกี่ยวข้องกับความสูงอายุ --สถานการณ์ แนวโน้มการเปลี่ยนแปลงและลักษณะของผู้สูงอายุไทย --ครอบครัวกับการส่งเสริมความรู้สึกมีคุณค่าในตนเองของผู้สูงอายุ --ครอบครัวกับการส่งเสริมความสุขในผู้สูงอายุ --ครอบครัวกับการส่งเสริมคุณภาพชีวิตผู้สูงอายุ --ครอบครัวกับแรงสนับสนุนทางสังคมในผู้สูงอายุ --ครอบครัวกับการส่งเสริมสุขภาพจิตผู้สูงอายุ --ครอบครัวกับการดูแลผู้สูงอายุที่มีภาวะสมองเสื่อม --ครอบครัวกับการป้องกันการหกล้มในผู้สูงอายุ --บทบาทครอบคัวในการดูแลผู้สูงอายุกลุ่มติดบ้าน ติดเตียง --การเตรียมตัวของครอบครัวในการดูแลผู้สูงอายุระยะยาว
650  4 ^aผู้สูงอายุ^xการดูแลและสุขวิทยา
650  4 ^aการส่งเสริมสุขภาพ^xในวัยชรา
650  4 ^aบริการสุขภาพ
650  4 ^aครอบครัว
650  4 ^aอนามัยครอบครัว
710 2  ^aมหาวิทยาลัยมหิดล.^bคณะสาธารณสุขศาสตร์.^bภาควิชาอนามัยครอบครัว
945    ^p200^l0^i008894
945    ^p200^l0^i008895
945    ^p200^l0^i008896
945    ^p200^l0^i008897
945    ^p200^l0^i008898
945    ^p200^l0^i008899
945    ^p200^l0^i008900
945    ^p200^l0^i008902
945    ^p200^l0^i008903
945    ^p200^l0^i008904
999    ^aประนอม เกษจรัล
รายการนี้ยังไม่มีแท็ก
คุณยังไม่ได้ล็อกอิน คุณสามารถมีกิจกรรมร่วมกับเว็บไซต์ได้ แต่ต้องล็อกอินก่อน ::
  ล็อกอิน

รายการสื่อสารสนเทศ

ลำดับที่ ประเภท เลขเรียก/บาร์โค้ด สถานที่ สถานะ
1. วิทยาศาสตร์การแพทย์ และสุขภาพ
หนังสือสำรอง
สถานะ=หนังสือสำรอง
WT101 ส783ค ฉ.1 
  Barcode: 008894
ห้องสมุดวิทยาเขตสวรรค์ประชารักษ์
►หนังสือทั่วไป
บนชั้น
2. วิทยาศาสตร์การแพทย์ และสุขภาพ
วิทยาศาสตร์การแพทย์ และสุขภาพ
WT101 ส783ค ฉ.10 
  Barcode: 008904
ห้องสมุดวิทยาเขตสวรรค์ประชารักษ์
►หนังสือทั่วไป
บนชั้น
3. วิทยาศาสตร์การแพทย์ และสุขภาพ
วิทยาศาสตร์การแพทย์ และสุขภาพ
WT101 ส783ค ฉ.2 
  Barcode: 008895
ห้องสมุดวิทยาเขตสวรรค์ประชารักษ์
►หนังสือทั่วไป
บนชั้น
4. วิทยาศาสตร์การแพทย์ และสุขภาพ
วิทยาศาสตร์การแพทย์ และสุขภาพ
WT101 ส783ค ฉ.3 
  Barcode: 008896
ห้องสมุดวิทยาเขตสวรรค์ประชารักษ์
►หนังสือทั่วไป
บนชั้น
5. วิทยาศาสตร์การแพทย์ และสุขภาพ
วิทยาศาสตร์การแพทย์ และสุขภาพ
WT101 ส783ค ฉ.4 
  Barcode: 008897
ห้องสมุดวิทยาเขตสวรรค์ประชารักษ์
►หนังสือทั่วไป
บนชั้น
6. วิทยาศาสตร์การแพทย์ และสุขภาพ
วิทยาศาสตร์การแพทย์ และสุขภาพ
WT101 ส783ค ฉ.5 
  Barcode: 008898
ห้องสมุดวิทยาเขตสวรรค์ประชารักษ์
►หนังสือทั่วไป
บนชั้น
7. วิทยาศาสตร์การแพทย์ และสุขภาพ
วิทยาศาสตร์การแพทย์ และสุขภาพ
WT101 ส783ค ฉ.6 
  Barcode: 008899
ห้องสมุดวิทยาเขตสวรรค์ประชารักษ์
►หนังสือทั่วไป
บนชั้น
8. วิทยาศาสตร์การแพทย์ และสุขภาพ
วิทยาศาสตร์การแพทย์ และสุขภาพ
WT101 ส783ค ฉ.7 
  Barcode: 008900
ห้องสมุดวิทยาเขตสวรรค์ประชารักษ์
►หนังสือทั่วไป
บนชั้น
9. วิทยาศาสตร์การแพทย์ และสุขภาพ
วิทยาศาสตร์การแพทย์ และสุขภาพ
WT101 ส783ค ฉ.8 
  Barcode: 008902
ห้องสมุดวิทยาเขตสวรรค์ประชารักษ์
►หนังสือทั่วไป
บนชั้น
10. วิทยาศาสตร์การแพทย์ และสุขภาพ
วิทยาศาสตร์การแพทย์ และสุขภาพ
WT101 ส783ค ฉ.9 
  Barcode: 008903
ห้องสมุดวิทยาเขตสวรรค์ประชารักษ์
►หนังสือทั่วไป
บนชั้น

รายการใกล้เคียง
    ผู้แต่ง [สุธรรม นันทมงคลชัย]

    หัวเรื่อง [บริการสุขภาพ]
    หัวเรื่อง [ครอบครัว]
    หัวเรื่อง [อนามัยครอบครัว]

BibComment


ยังไม่เคยถูกคอมเมนท์

คอมเมนท์ทรัพยากรรายการนี้
  คอมเมนท์: ครอบครัวกับการส่..


 Copyright 2026. Bcnsprnw @Library